Normal view MARC view

Entry Uniform Title

Number of records used in: 1

001 - CONTROL NUMBER

  • control field: 22950

003 - CONTROL NUMBER IDENTIFIER

  • control field: dpl

005 - DATE AND TIME OF LATEST TRANSACTION

  • control field: 20101006114405.0

008 - FIXED-LENGTH DATA ELEMENTS

  • fixed length control field: 101006|||a|||||| | ||| d

040 ## - CATALOGING SOURCE

  • Original cataloging agency: dpl
  • Transcribing agency: dpl

130 ## - HEADING--UNIFORM TITLE

  • Uniform title: मूर्तिदेवी ग्रन्थमालाः हिन्दी ग्रन्थांक 43

670 ## - SOURCE DATA FOUND

  • Source citation: Work cat.: (dpl)33978: जैन, वीरसागर 22949, भारतीय दर्शन में आत्मा एवं परमात्मा /, 2009

670 ## - SOURCE DATA FOUND

  • Source citation: Work cat.: (dpl)33978: जैन, वीरसागर 22949, भारतीय दर्शन में आत्मा एवं परमात्मा /, 2009

© Delhi Public Library
Hit Counter
free hit counter